Bulletin de la Société de Linguistique de Paris / (Record no. 170134)

MARC details
000 -LEADER
campo de control de longitud fija 00799nam a2200205 i 4500
001 - NÚMERO DE CONTROL
campo de control 170134
003 - IDENTIFICADOR DE NÚMERO DE CONTROL
campo de control ES-MaACL
005 - FECHA Y HORA DE LA ÚLTIMA TRANSACCIÓN
campo de control 20230906214309.0
008 - DATOS DE LONGITUD FIJA--INFORMACIÓN GENERAL
campo de control de longitud fija 090204s1968 fr |||| | fre d
080 ## - NÚMERO DE LA CLASIFICACIÓN DECIMAL UNIVERSAL
Número de la Clasificación Decimal Universal 81(05)
245 00 - MENCIÓN DEL TÍTULO
Título Bulletin de la Société de Linguistique de Paris /
Mención de responsabilidad, etc. publié avec le concours du Centre National de la Recherche Scientifique.
260 ## - PUBLICACIÓN, DISTRIBUCIÓN, ETC.
Lugar de publicación, distribución, etc. Paris :
Nombre del editor, distribuidor, etc. C. Klincksieck,
Fecha de publicación, distribución, etc. 1968.
300 ## - DESCRIPCIÓN FÍSICA
Extensión XXXV, 261 p. ;
Dimensiones 25 cm.
490 1# - MENCIÓN DE SERIE
Mención de serie Bulletin de la Société de Linguistique de Paris ;
Designación de volumen o secuencia 63, 1
650 #4 - PUNTO DE ACCESO ADICIONAL DE MATERIA--TÉRMINO DE MATERIA
Término de materia o nombre geográfico como elemento de entrada Lingüística.
9 (RLIN) 14463
710 2# - ENTRADA AGREGADA--NOMBRE DE ENTIDAD CORPORATIVA
Nombre de entidad corporativa o nombre de jurisdicción como elemento de entrada Société de Linguistique de Paris.
9 (RLIN) 134956
830 1# - PUNTO DE ACCESO ADICIONAL DE SERIE-TÍTULO UNIFORME
Título uniforme Bulletin de la Société de Linguistique de Paris ;
Designación de volumen o secuencia 63, 1
9 (RLIN) 222970
852 4# - LOCALIZACIÓN
Ubicación ES-MaACL
Número de control de estantería E-12413
Nota libre - Biblioteca Jacinto Martínez Lacalle
Holdings
Estatus retirado Estado de pérdida Estado de daño No para préstamo Biblioteca de origen Biblioteca actual Ubicación en estantería Fecha de adquisición Fuente de adquisición Total de préstamos Signatura topográfica completa Código de barras Visto por última vez Precio de reemplazo Tipo de ítem Koha
        Biblioteca del Ateneo de Madrid Biblioteca del Ateneo de Madrid Depósito 2 04/02/2009     E-12413 1178618 23/02/2023 23/02/2023 Libro impreso